| 000 | 00391nam a22001697a 4500 | ||
|---|---|---|---|
| 005 | 20180711121646.0 | ||
| 008 | 160622b xxu||||| |||| 00| 0 eng d | ||
| 020 | _a978-0-07-007793-5 | ||
| 041 | _aeng | ||
| 082 |
_b8984 _a658.1511 |
||
| 100 |
_aChandra, Prasanna _91156 |
||
| 245 | _aProjects | ||
| 260 |
_bTMH _anew delhi |
||
| 300 | _a23.22p, | ||
| 650 |
_aManagement _9241 |
||
| 942 | _cBK | ||
| 999 |
_c3526 _d3525 |
||